Problemas actuales de determinación de la pena en el derecho penal chileno.

Saved in:
書目詳細資料
主要作者: Oliver Calderón, Guillermo Ramiro (director y autor)
其他作者: Alvarado Urízar, Agustina (autora), Morales Polloni, Leticia (autora), Pineda Rojas, Pablo (autor), Rodríguez Collao, Luis Ramón (autor), Rodríguez Segovia, Enrique (autor), Uribe Mondaca, Daniela (autora)
格式: 未知
出版: Valencia, España: Tirant lo Blanch, 2022.
叢編:Monografías
主題:
標簽: 添加標簽
沒有標簽, 成為第一個標記此記錄!

MARC

LEADER 00000 a2200000 4500
003 CL-VaPUC
005 20250303145107.0
008 221117t2022 ||||| |||| 00| 0 eng d
999 |c 439393  |d 439391 
020 |a 978-84-1130-275-3 
040 |c Pontificia Universidad Católica de Valparaíso 
082 |2 22  |a 345.830773 OLI 2022 
100 |a Oliver Calderón, Guillermo Ramiro  |e director y autor  |9 878491 
245 |a Problemas actuales de determinación de la pena en el derecho penal chileno. 
260 |a Valencia, España:  |b Tirant lo Blanch,  |c 2022. 
300 |a 333 páginas. 
490 |a Monografías 
583 |k Catalogador Asistente  |c 20221117 
650 0 |a Derecho penal chileno  |x Determinación de la pena  |y Delitos   |9 328444 
650 0 |9 863487  |a Código penal   |x Delitos  |z Chile 
650 0 |9 501655  |a Teoría de la pena  |x Derecho   |z Chile  
700 |a Alvarado Urízar, Agustina  |e autora  |9 878492 
700 |a Morales Polloni, Leticia  |e autora  |9 878493 
700 |a Pineda Rojas, Pablo  |e autor  |9 878494 
700 |a Rodríguez Collao, Luis Ramón  |e autor  |9 737987 
700 |a Rodríguez Segovia, Enrique  |e autor  |9 878495 
700 |a Uribe Mondaca, Daniela  |e autora  |9 878496 
942 |2 ddc  |c BK 
952 |0 0  |1 0  |2 ddc  |4 0  |6 345_830773000000000_OLI_2022  |7 1  |8 C_LRYV  |9 587731  |a BIBDER  |b BIBDER  |d 2022-11-17  |e 22  |g 38000.00  |i 5655602  |l 2  |o 345.830773 OLI 2022  |p 5655602  |r 2024-04-01  |s 2024-03-26  |t 1  |v 38000.00  |w 2022-11-17  |y BK_X  |k BRV